Sur la lisière des forêsts / (Record no. 144207)

MARC details
000 -LEADER
campo de control de longitud fija 00521nam a2200169 i 4500
001 - NÚMERO DE CONTROL
campo de control 144207
003 - IDENTIFICADOR DE NÚMERO DE CONTROL
campo de control ES-MaACL
005 - FECHA Y HORA DE LA ÚLTIMA TRANSACCIÓN
campo de control 20230906200951.0
007 - CAMPO FIJO DE DESCRIPCIÓN FÍSICA--INFORMACIÓN GENERAL
campo de control de longitud fija t|
008 - DATOS DE LONGITUD FIJA--INFORMACIÓN GENERAL
campo de control de longitud fija 070214s1930 fr r ||||1| fre d
100 1# - ENTRADA PRINCIPAL--NOMBRE DE PERSONA
Nombre de persona Sieroszewski, Waclaw.
9 (RLIN) 106234
245 10 - MENCIÓN DEL TÍTULO
Título Sur la lisière des forêsts /
Mención de responsabilidad, etc. Waclaw Sieroszewski ; traduit du polonais par Mme. de Rakowska.
260 ## - PUBLICACIÓN, DISTRIBUCIÓN, ETC.
Lugar de publicación, distribución, etc. Paris :
Nombre del editor, distribuidor, etc. Larousse,
Fecha de publicación, distribución, etc. 1930 (
Fabricante Imp. Larrouse)
300 ## - DESCRIPCIÓN FÍSICA
Extensión 309 p. ;
Dimensiones 19 cm.
700 1# - ENTRADA AGREGADA--NOMBRE PERSONAL
Nombre de persona Rakowska, Marie.
9 (RLIN) 95048
852 ## - LOCALIZACIÓN
Ubicación ES-MaACL
Número de control de estantería A-2561
Holdings
Estatus retirado Estado de pérdida Estado de daño No para préstamo Biblioteca de origen Biblioteca actual Ubicación en estantería Fecha de adquisición Fuente de adquisición Total de préstamos Signatura topográfica completa Código de barras Visto por última vez Precio de reemplazo Tipo de ítem Koha
        Biblioteca del Ateneo de Madrid Biblioteca del Ateneo de Madrid Sala Pecera Planta 1 17/01/2008     A-2561 1150032 23/02/2023 23/02/2023 Libro impreso